Pays n'ayant pas de frontières avec un Pays plus grand - Statistiques

Statistiques générales
  • Ce quiz a été pris 331 fois
  • Le résultat moyen est 13 sur 15
Statistiques - réponses
Réponse % Correct
Russie
99%
Canada
97%
Brésil
96%
Algérie
95%
Afrique du Sud
92%
France
89%
Indonésie
89%
Arabie Saoudite
88%
RD Congo
87%
Iran
85%
Royaume-Uni
82%
Soudan
81%
Suède
77%
République Dominicaine
68%
Nicaragua
57%
Aucun quiz correspondant
Distribution des résultats
% des personnes avec chaque résultat
Percentile par nombre de réponses
Votre historique - résultats
Vous n’avez pas pris ce quiz